Pyramide de mots commençant comme un pays d'Europe - Statistiques

Statistiques générales
  • Ce quiz a été pris 132 fois
  • Le résultat moyen est 103 sur 270
Statistiques - réponses
Nombre
de Lettres
Définition Réponse % Correct
7 Capitale Tirana Albanie
88%
6 Rocher Monaco
83%
6 Pays des tsars Russie
78%
7 Co-principauté Andorre
76%
7 Capitale Erevan Arménie
73%
11 Capitale Minsk Biélorussie
73%
8 Capitale Sofia Bulgarie
73%
7 Capitale Zagreb Croatie
73%
6 Hexagone France
73%
8 Capitale Vilnius Lituanie
73%
7 Hollande Pays-Bas
73%
8 Pays de Sissi Autriche
72%
17 Capitale Sarajevo Bosnie-Herzégovine
72%
7 Capitale Oslo Norvège
71%
7 Capitale Varsovie Pologne
71%
9 Prusse qui a grandi Allemagne
70%
5 Cordillère Andes
70%
6 Capitale Nicosie Chypre
70%
5 Capitale La Valette Malte
70%
8 Plat pays Belgique
69%
6 Dans la botte Italie
69%
8 Capitale Chisinau Moldavie
69%
5 Ensemble de soldats Armée
68%
7 Capitale Tallinn Estonie
68%
5 Pays de Socrate Grèce
68%
8 Capitale Riga Lettonie
68%
9 Capitale Skopje Macédoine
68%
8 Pays de Dracula Roumanie
67%
8 Oiseau marin Albatros
66%
5 Livre de BD Album
66%
13 Principauté Liechtenstein
66%
7 Espagnol du sud Andalou
65%
7 Meuble de chambre Armoire
65%
7 Pays de Cervantès Espagne
65%
10 Capitale Podgorica Monténégro
65%
8 Capitale Ljubljana Slovénie
65%
6 Prénom monégasque Albert
64%
7 Saint-Siège Vatican
64%
5 Jolie Belle
63%
8 Au lycée, il est trimestriel Bulletin
63%
8 Pays de la petite sirène Danemark
63%
8 Pays des 1000 lacs Finlande
63%
7 Pays de geysers Islande
63%
5 100 cl Litre
63%
6 Capitale Belgrade Serbie
63%
5 Pays des Bernadotte Suède
63%
6 Confédération Suisse
63%
10 Grand-Duché Luxembourg
61%
8 Pays des oeillets Portugal
61%
9 Divorcée en 1993 Slovaquie
61%
7 Blanc de poils Albinos
60%
7 Prochainement Bientôt
60%
5 Boisson houblonnée Bière
60%
6 Travailler Bosser
60%
6 Continent de ces pays Europe
60%
7 Capitale Tbilissi Géorgie
60%
5 Frisquet Frais
59%
7 Pays des Magyars Hongrie
59%
7 Dent Molaire
59%
5 Ecarlate Rouge
59%
5 Remplacent les francs Euros
58%
5 Religion Islam
58%
6 Mouton mâle Bélier
57%
5 Achever Finir
57%
6 Plante grimpante Lierre
57%
6 Force de l'ordre Police
57%
8 Séparée en 1993 Tchéquie
57%
5 Ami ou parent Allié
56%
7 Habitant de la botte Italien
56%
8 Maladie infantine Rougeole
56%
5 Table de messe Autel
55%
5 Souple Molle
55%
6 Monnaie russe Rouble
55%
9 Chanter pour un pigeon Roucouler
55%
6 Flotte espagnole Armada
54%
10 Capitale Astana Kazakhstan
54%
5 Mortel Létal
54%
7 Belgique par exemple Royaume
54%
6 Prince britannique Andrew
53%
6 Mot d'Archimède Eureka
53%
6 Dernier match Finale
53%
8 Caractère incliné Italique
53%
5 Deboiter Luxer
53%
6 Rural Paysan
53%
5 Transpiration Sueur
53%
9 Suspend les hostilités Armistice
52%
5 Réserve de la tulipe Bulbe
52%
7 Chien anglais Bulldog
52%
6 Fruit Litchi
52%
5 Huis Porte
52%
10 Plus vieille république Saint-Marin
52%
6 Ecrivain Auteur
51%
6 Bidule Machin
51%
10 En deux mots Royaume-Uni
51%
8 Mont américain Rushmore
51%
8 Printemps, été... Saisons
51%
6 Département Allier
50%
9 Engin de terrassement Bulldozer
50%
8 Malicieux Espiègle
50%
9 Petit fruit Framboise
50%
6 Fratrie de chiens Portée
50%
7 Perdre du sang Saigner
50%
7 Car Autobus
49%
9 Ville du Pakistan Islamabad
49%
5 Matière légère Liège
49%
9 Maison du cochon Porcherie
49%
9 Stockholmoise Suédoise
49%
7 Délicat Fragile
48%
6 Prince anglais George
48%
6 Pêché Luxure
48%
6 Enrhumé... Malade
48%
5 Du roi Royal
48%
6 Brutal et grossier Rustre
48%
7 Poisson Espadon
47%
5 Appartement en hôtel Suite
47%
7 Ex Empire Turquie
47%
6 Missive Lettre
46%
8 Habite le Nord Nordiste
46%
5 Pays africain Tchad
46%
6 Aider Servir
45%
9 Méridien Greenwich
44%
5 Grosse gêne Honte
44%
9 Escargot par exemple Mollusque
44%
5 Danse Polka
44%
7 Phrases de publicitaire Slogans
44%
7 Auto exécution Suicide
44%
8 Ancêtre du robot Automate
43%
5 Latine ou de Saint-André Croix
43%
6 Menace Danger
43%
9 Epier Espionner
43%
6 Bonne opinion Estime
43%
6 Utile aux cyclistes Mollet
43%
5 Pris Saisi
43%
5 Petit outil Serpe
43%
5 Ville italienne Turin
43%
6 Optimisme Espoir
42%
5 Salade Mâche
42%
6 Pente Montée
42%
9 Bratislaviens Slovaques
42%
8 Alcool Armagnac
41%
8 Belge Liégeois
41%
5 Règle Norme
41%
5 Finasser Ruser
41%
7 Rouennais Normand
40%
9 Romaine Italienne
39%
7 Grande entrée Portail
39%
7 Petit bois Bosquet
38%
7 Discothèque Dancing
38%
7 Evoque la mort Macabre
38%
5 Diable Malin
38%
9 Elève de Normale Normalien
38%
6 Ho-Chi-Minh ville Saïgon
38%
9 ... chapeau pointu ! Turlututu
38%
6 Flemmarder Buller
37%
8 Port de Normandie Honfleur
37%
5 Terre Monde
37%
7 Réglable Payable
37%
6 Coiffure orientale Turban
37%
8 Mesureur Géomètre
35%
9 Sommeil profond Léthargie
35%
9 Hermaphrodite Androgyne
33%
8 Détroit Bosphore
33%
8 Sa balancer Dandiner
33%
8 Cassure Fracture
33%
8 Souverain Monarque
33%
7 De bonne société Mondain
33%
9 Protéine Albumine
32%
8 Réglement Payement
32%
7 Rigoureux Sérieux
32%
7 Dispositif rotatif Turbine
32%
8 Bel homme fat Bellâtre
31%
7 Futée Finaude
31%
7 Gardien Geôlier
31%
8 Danse Macarena
31%
8 Aime la beauté Esthète
30%
5 Pointe de l'épée Estoc
29%
9 Partisan Royaliste
29%
7 Répétition monotone Litanie
28%
9 Abondant Luxuriant
28%
9 Donner un but Finaliser
27%
6 Sur le front Frange
27%
8 Lettre à lettre Littéral
27%
8 Redevance Royaltie
27%
5 Elégant Dandy
26%
9 Donne des noix Macadamia
26%
8 Tissu épais Molleton
26%
9 Convenable Bienséant
25%
6 Boeuf du cheval Hongre
25%
7 Irréprochable Honnête
25%
9 Discutable Litigieux
24%
8 Rendre lisse Polisser
24%
9 Dictateur Autocrate
23%
7 Demi-noire Croche
23%
5 Roche Géode
23%
7 Hameau Lieudit
23%
8 Fin de fabrication Finition
22%
6 Tige Bielle
21%
8 Lettre ornée Lettrine
21%
8 Bagout Tchatche
21%
9 Pierre verte Malachite
20%
5 Adorateur Payen
20%
6 Princesse Ann Royale
20%
7 Petit carnassier Belette
19%
9 Saurien Crocodile
19%
8 Mesure l'éclairement Luxmètre
18%
7 Costaud Malabar
17%
9 Comme certains jardins Paysagers
17%
7 Civiliser Policer
16%
7 Image imprimée Estampe
15%
7 Vêtement iranien Tchador
14%
8 Conteur Andersen
13%
8 A Venise par exemple Biennale
13%
5 Elia Kazan
13%
7 Fourberie Rouerie
13%
8 Ange Séraphin
13%
5 Grand cuisinier Vatel
13%
5 Dans l'intestin Chyme
12%
8 Extrémité de l'oiseau Croupion
12%
5 Pièce de navire Espar
12%
8 Auteur grec Euripide
12%
5 Oiseau Grèbe
12%
8 Rédacteur Greffier
12%
7 Auteur latin Suétone
12%
7 les bains dan le 70 Luxeuil
11%
9 Médecin "tradi" Allopathe
9%
9 Plateforme Belvédère
8%
5 Maître d'équipage Bosco
8%
9 Sombre et sublime Dantesque
8%
9 Autour de Saintes Saintonge
8%
8 Comme la bibliothèque Vaticane
8%
6 Tubercule Crosne
7%
9 Débat Polémique
7%
6 Maladie Suette
7%
6 Scandinave médiéval Norois
5%
5 Voilier Sloop
5%
9 Titre honorifique Honoraire
4%
7 Champignon Russule
4%
7 Gai et vif Allegro
3%
7 Un suc peu l'être Chyleux
3%
9 Messager Estafette
3%
7 Taux de référence Euribor
3%
8 Autrefois, petites îles islettes
3%
8 Malentendu Maldonne
3%
6 Neige humide Sloche
3%
8 Tissus microfibe Suèdines
3%
6 Femelle suivie Suitée
3%
8 Jeune poisson Turbotin
3%
8 Inflammation Allumage
2%
9 Relief Bosselure
2%
6 Dans l'estomac Chyles
2%
9 Dans l'intestin Chylifère
2%
7 Frise Grecque
2%
8 Roche dure Porphyre
2%
9 Pas des leaders Suivistes
2%
9 Policier politique Tchékiste
2%
9 Prophétiser Vaticiner
2%
6 Voilure Gréage
1%
6 Cordage Itague
1%
6 Prénom japonais Kazama
1%
7 Danse Letkiss
1%
9 Herbert Lieberman
1%
9 Formation Monitorat
1%
9 Vieillissement artificiel Rusticage
1%
8 Trop gras Suiffard
1%
8 Mauvais symptôme Chylurie
0%
9 Harmonie Eurythmie
0%
9 S'intéresse à la croûte Géochimie
0%
9 Petit orgue Serinette
0%
8 Lévriers Sloughis
0%
6 Noble russe Tchine
0%
Aucun quiz correspondant
Distribution des résultats
% des personnes avec chaque résultat
Percentile par nombre de réponses
Votre historique - résultats
Vous n’avez pas pris ce quiz